Giới thiệu tác phẩm của K. Marx, F.Engels, V. I. Lénine, Hồ Chí Minh về xây dụng đảng và chính quyền nhà nước

में बचाया:
ग्रंथसूची विवरण
मुख्य लेखक: Học viện Chính trị Quốc gia Hồ Chí Minh
स्वरूप: पुस्तक
भाषा:Undetermined
प्रकाशित: Hà Nội Chính Trị Quốc Gia 2001
विषय:
टैग : टैग जोड़ें
कोई टैग नहीं, इस रिकॉर्ड को टैग करने वाले पहले व्यक्ति बनें!
Thư viện lưu trữ: Trung tâm Học liệu Trường Đại học Cần Thơ
LEADER 00733nam a2200169Ia 4500
001 CTU_44212
008 210402s9999 xx 000 0 und d
082 |a 324.2175 
082 |b H419 
100 |a Học viện Chính trị Quốc gia Hồ Chí Minh 
245 0 |a Giới thiệu tác phẩm của K. Marx, F.Engels, V. I. Lénine, Hồ Chí Minh về xây dụng đảng và chính quyền nhà nước 
245 0 |c Học viện Chính trị Quốc gia Hồ Chí Minh 
260 |a Hà Nội 
260 |b Chính Trị Quốc Gia 
260 |c 2001 
650 |a communists - russia - biography,communists - vietnam - biography 
980 |a Trung tâm Học liệu Trường Đại học Cần Thơ